[Event "Senta op 25th"]
[Site "Senta"]
[Date "2021.07.24"]
[Round "9"]
[White "Daroczi, Donat"]
[Black "Nadj, Zoltan"]
[Result "1/2-1/2"]
[WhiteElo "2092"]
[BlackElo "2088"]
[PlyCount "53"]
[EventDate "2021.07.17"]
[EventType "swiss"]
[EventRounds "9"]
[EventCountry "SRB"]
[SourceTitle "EXT 2022"]
[Source "ChessBase"]
[SourceDate "2021.10.06"]
[SourceVersion "1"]
[SourceVersionDate "2021.10.06"]
[SourceQuality "1"]

1. e4 d6 2. d4 Nf6 3. Nc3 g6 4. Bg5 Bg7 5. Qd2 Nbd7 6. Bh6 Bxh6 7. Qxh6 c6 8. 0-0-0 Qa5 9. f4 Qh5 10. Qxh5 Nxh5 11. g3 Nhf6 12. Be2 h5 13. h3 Nb6 14. Bf3 Be6 15. Nge2 0-0-0 16. b3 Kb8 17. Kb2 Bc8 18. Nc1 Ne8 19. Nd3 Ng7 20. Ne2 Nd7 21. c4 c5 22. b4 cxd4 23. Nxd4 Nb6 24. Kb3 Ne6 25. Nc2 Bd7 26. Nb2 h4 27. Bg4 1/2-1/2

[Event "Senta op 25th"]
[Site "Senta"]
[Date "2021.07.18"]
[Round "3"]
[White "Zhukov, Anton"]
[Black "Nadj, Zoltan"]
[Result "1-0"]
[WhiteElo "2174"]
[BlackElo "2088"]
[PlyCount "109"]
[EventDate "2021.07.17"]
[EventType "swiss"]
[EventRounds "9"]
[EventCountry "SRB"]
[SourceTitle "EXT 2022"]
[Source "ChessBase"]
[SourceDate "2021.10.06"]
[SourceVersion "1"]
[SourceVersionDate "2021.10.06"]
[SourceQuality "1"]

1. d4 Nf6 2. c4 e6 3. Nf3 d5 4. g3 dxc4 5. Bg2 c6 6. 0-0 Nbd7 7. Qc2 Nb6 8. Nbd2 Be7 9. Nxc4 Nxc4 10. Qxc4 0-0 11. Rd1 Qb6 12. Qc2 Rd8 13. e4 h6 14. h3 Bd7 15. Be3 Qa5 16. a3 Rac8 17. b4 Qc7 18. Bf4 Qb6 19. Ne5 Be8 20. Nc4 Qa6 21. Na5 c5 22. dxc5 Rxd1+ 23. Rxd1 b6 24. Bd6 Bd8 25. Bf1 Bb5 26. Bxb5 Qxb5 27. Nb3 Qa4 28. e5 Nd5 29. Qb2 a5 30. cxb6 Bxb6 31. bxa5 Bxa5 32. Rd4 Qb5 33. a4 Qb6 34. Qb1 Rc3 35. Rd3 Rc4 36. Qa2 Nc3 37. Qc2 Ne4 38. Qe2 Rxa4 39. Qf3 Be1 40. Be7 Nxf2 41. Bc5 Nxh3+ 42. Kg2 Qb5 43. Kxh3 Ra2 44. Qe4 g6 45. Rd8+ Kh7 46. Qxe1 Qxb3 47. Qf1 Qb7 48. Rf8 f5 49. exf6 Qd5 50. Bf2 Qf3 51. Qb1 Rb2 52. Rf7+ Kh8 53. Qc1 Qf5+ 54. g4 Rb3+ 55. Bg3 1-0

[Event "Subotica-ch op"]
[Site "Subotica"]
[Date "2020.03.09"]
[Round "7"]
[White "Holobica, Laszlo"]
[Black "Nadj, Zoltan"]
[Result "0-1"]
[WhiteElo "1667"]
[BlackElo "2082"]
[PlyCount "64"]
[EventDate "2020.02.24"]
[EventType "swiss"]
[EventRounds "9"]
[EventCountry "SRB"]
[SourceTitle "CBM 195 Extra"]
[Source "ChessBase"]
[SourceDate "2020.05.31"]
[SourceVersion "1"]
[SourceVersionDate "2020.05.31"]
[SourceQuality "1"]

1. d4 e6 2. Nf3 a6 3. Bf4 d6 4. e3 f5 5. Bd3 Nf6 6. h3 Be7 7. Nbd2 0-0 8. Qe2 Nc6 9. a3 Qe8 10. 0-0 h6 11. c3 Qg6 12. Nh4 Qf7 13. Nhf3 Bd7 14. Bh2 Rae8 15. Nc4 Kh8 16. h4 Bd8 17. e4 fxe4 18. Bxe4 Nxe4 19. Qxe4 d5 20. Nce5 dxe4 21. Nxf7+ Rxf7 22. Ne5 Nxe5 23. Bxe5 Bxh4 24. g3 Bf6 25. Bf4 e5 26. dxe5 Bxe5 27. Be3 Bg4 28. Kh2 Bf3 29. Kh3 g5 30. Rac1 Kh7 31. Rc2 Kg6 32. Rd2 g4+ 0-1

[Event "Subotica-ch op"]
[Site "Subotica"]
[Date "2020.03.02"]
[Round "4"]
[White "Nadj, Zoltan"]
[Black "Kosa, Jeno"]
[Result "0-1"]
[WhiteElo "2082"]
[BlackElo "1990"]
[PlyCount "110"]
[EventDate "2020.02.24"]
[EventType "swiss"]
[EventRounds "9"]
[EventCountry "SRB"]
[SourceTitle "CBM 195 Extra"]
[Source "ChessBase"]
[SourceDate "2020.05.31"]
[SourceVersion "1"]
[SourceVersionDate "2020.05.31"]
[SourceQuality "1"]

1. Nf3 g6 2. e4 c5 3. Bc4 Bg7 4. Nc3 Nc6 5. d3 d6 6. Bd2 Nf6 7. Qc1 0-0 8. h3 e6 9. Bg5 Nd4 10. Nxd4 cxd4 11. Ne2 b5 12. Bb3 Qb6 13. 0-0 Nd7 14. Bh6 Nc5 15. Ng3 a5 16. Bxg7 Kxg7 17. c3 a4 18. Bc2 Nd7 19. Ne2 dxc3 20. bxc3 Bb7 21. Rb1 d5 22. c4 dxc4 23. dxc4 b4 24. Qb2+ Kg8 25. Qxb4 Qxb4 26. Rxb4 Bc6 27. Nd4 Rfc8 28. Nxc6 Rxc6 29. Bxa4 Rc7 30. Bxd7 Rxd7 31. a4 Rd4 32. f3 Rc8 33. a5 Rdxc4 34. Rxc4 Rxc4 35. Ra1 Rc8 36. a6 Kf8 37. Kf2 Ke7 38. e5 Ra8 39. a7 Kd7 40. Ke3 Kc6 41. Kf4 h6 42. h4 Kb6 43. Kg4 Kc5 44. f4 Kd5 45. Rd1+ Kc6 46. Rd6+ Kc7 47. Ra6 Kb7 48. Ra2 Rxa7 49. Rxa7+ Kxa7 50. Kf3 Kb6 51. Ke4 Kc5 52. g4 Kc4 53. h5 Kc5 54. f5 g5 55. fxe6 fxe6 0-1

[Event "Subotica City-ch"]
[Site "Subotica"]
[Date "2019.03.13"]
[Round "8"]
[White "Farkas, Sandor I"]
[Black "Nadj, Zoltan"]
[Result "1/2-1/2"]
[WhiteElo "2003"]
[BlackElo "2052"]
[PlyCount "37"]
[EventDate "2019.02.25"]
[EventType "swiss"]
[EventRounds "9"]
[EventCountry "SRB"]
[SourceTitle "CBM 189 Extra"]
[Source "ChessBase"]
[SourceDate "2019.05.31"]
[SourceVersion "1"]
[SourceVersionDate "2019.05.31"]
[SourceQuality "1"]

1. e4 c5 2. Nf3 Nf6 3. e5 Nd5 4. Nc3 e6 5. Nxd5 exd5 6. d4 Nc6 7. dxc5 Bxc5 8. Bd3 d6 9. exd6 Qxd6 10. Qe2+ Be6 11. 0-0 h6 12. c3 0-0 13. Be3 Rfe8 14. Bxc5 Qxc5 15. Rfe1 d4 16. cxd4 Nxd4 17. Nxd4 Qxd4 18. Qe4 Qxe4 19. Bxe4 1/2-1/2

[Event "Subotica City-ch"]
[Site "Subotica"]
[Date "2019.03.08"]
[Round "6"]
[White "Nadj, Zoltan"]
[Black "Tomic, Zoran S"]
[Result "1/2-1/2"]
[WhiteElo "2052"]
[BlackElo "1857"]
[PlyCount "72"]
[EventDate "2019.02.25"]
[EventType "swiss"]
[EventRounds "9"]
[EventCountry "SRB"]
[SourceTitle "CBM 189 Extra"]
[Source "ChessBase"]
[SourceDate "2019.05.31"]
[SourceVersion "1"]
[SourceVersionDate "2019.05.31"]
[SourceQuality "1"]

1. e4 c5 2. d4 cxd4 3. Bc4 e6 4. Qxd4 d6 5. Nc3 a6 6. a4 Nc6 7. Qe3 Be7 8. f4 Nf6 9. Bb3 Bd7 10. Nf3 Qc7 11. Qe2 Rc8 12. 0-0 0-0 13. Kh1 Kh8 14. f5 Ng4 15. Bg5 Qd8 16. fxe6 fxe6 17. Bd2 Nge5 18. Rae1 Nxf3 19. gxf3 Nd4 20. Qd3 Nxb3 21. cxb3 Bc6 22. Qe3 Qe8 23. Ne2 e5 24. Rd1 Rd8 25. Ba5 Rd7 26. Nc3 Qh5 27. Qe2 Rf4 28. Bb6 Bf8 29. Be3 Rf6 30. Bg1 Rdf7 31. Rd3 b5 32. axb5 axb5 33. b4 Rf4 34. Qg2 R4f6 35. Ne2 Rg6 36. Ng3 Qh4 1/2-1/2

[Event "Subotica City-ch"]
[Site "Subotica"]
[Date "2019.03.01"]
[Round "3"]
[White "Nadj, Zoltan"]
[Black "Fatyol, Istvan"]
[Result "1-0"]
[WhiteElo "2052"]
[BlackElo "1951"]
[PlyCount "41"]
[EventDate "2019.02.25"]
[EventType "swiss"]
[EventRounds "9"]
[EventCountry "SRB"]
[SourceTitle "CBM 189 Extra"]
[Source "ChessBase"]
[SourceDate "2019.05.31"]
[SourceVersion "1"]
[SourceVersionDate "2019.05.31"]
[SourceQuality "1"]

1. e4 c5 2. d4 cxd4 3. Nf3 Nc6 4. Bc4 Nf6 5. e5 Nxe5 6. Bb3 Nxf3+ 7. Qxf3 e5 8. 0-0 Be7 9. Qg3 d5 10. Qxe5 0-0 11. Qxd4 Be6 12. Nc3 Qd7 13. Bg5 Rfd8 14. Rad1 h6 15. Bh4 b6 16. Rfe1 Bc5 17. Qd2 Be7 18. Qd3 Bf5 19. Rxe7 Qxe7 20. Qxf5 d4 21. Ne4 1-0

[Event "Palic Karadzic Memorial op"]
[Site "Palic"]
[Date "2017.10.31"]
[Round "5"]
[White "Tancik, Kristijan"]
[Black "Nadj, Zoltan"]
[Result "1-0"]
[WhiteElo "2258"]
[BlackElo "2080"]
[PlyCount "45"]
[EventDate "2017.10.28"]
[EventType "swiss"]
[EventRounds "9"]
[EventCountry "SRB"]
[SourceTitle "CBM 181 Extra"]
[Source "ChessBase"]
[SourceDate "2017.12.12"]
[SourceVersion "1"]
[SourceVersionDate "2017.12.12"]
[SourceQuality "1"]

1. d4 Nf6 2. c4 e6 3. Nf3 d5 4. g3 dxc4 5. Bg2 Nc6 6. Qa4 Bd7 7. Qxc4 Bb4+ 8. Nc3 Qe7 9. 0-0 0-0 10. Bg5 Bxc3 11. Qxc3 h6 12. Bxf6 gxf6 13. e4 Qb4 14. Qc1 Kg7 15. d5 Na5 16. Qxc7 Bb5 17. Rfe1 Rac8 18. Qf4 Rc2 19. dxe6 fxe6 20. Qg4+ Kf7 21. Qh5+ Ke7 22. a3 Qc4 23. Nh4 1-0

[Event "Senta op-A 14th"]
[Site "Senta"]
[Date "2010.07.24"]
[Round "9"]
[White "Gajic, Zoran"]
[Black "Nadj, Zoltan"]
[Result "1/2-1/2"]
[WhiteElo "2109"]
[BlackElo "2197"]
[PlyCount "54"]
[EventDate "2010.07.17"]
[EventType "swiss"]
[EventRounds "9"]
[EventCountry "YUG"]
[SourceTitle "CBM 137 Extra"]
[Source "ChessBase"]
[SourceDate "2010.09.01"]
[SourceVersion "1"]
[SourceVersionDate "2010.09.01"]
[SourceQuality "1"]

1. d4 Nf6 2. c4 e6 3. Nc3 c5 4. d5 exd5 5. cxd5 d6 6. e4 g6 7. f4 Bg7 8. Nf3 0-0 9. Bd3 a6 10. a4 Re8 11. 0-0 c4 12. Bc2 Nbd7 13. Be3 Qc7 14. Bd4 Nc5 15. Re1 Bg4 16. h3 Bxf3 17. Qxf3 Rab8 18. Qf2 b5 19. axb5 axb5 20. e5 Nfd7 21. exd6 Rxe1+ 22. Rxe1 Qxd6 23. Be5 Nxe5 24. fxe5 Bxe5 25. Rxe5 Qxe5 26. Qxc5 Qe1+ 27. Kh2 Qe5+ 1/2-1/2

[Event "Senta op-A 14th"]
[Site "Senta"]
[Date "2010.07.23"]
[Round "8"]
[White "Nadj, Zoltan"]
[Black "Ujhazi, Mihaly"]
[Result "0-1"]
[WhiteElo "2197"]
[BlackElo "2137"]
[PlyCount "86"]
[EventDate "2010.07.17"]
[EventType "swiss"]
[EventRounds "9"]
[EventCountry "YUG"]
[SourceTitle "CBM 137 Extra"]
[Source "ChessBase"]
[SourceDate "2010.09.01"]
[SourceVersion "1"]
[SourceVersionDate "2010.09.01"]
[SourceQuality "1"]

1. d4 Nf6 2. Nf3 d5 3. c4 c6 4. Nc3 e6 5. e3 Nbd7 6. Bd3 dxc4 7. Bxc4 b5 8. Bd3 a6 9. 0-0 Bb7 10. e4 c5 11. d5 c4 12. Bc2 Qc7 13. Qe2 Bd6 14. Re1 Ne5 15. dxe6 fxe6 16. Nxe5 Bxe5 17. f4 Bd4+ 18. Be3 e5 19. Rad1 0-0-0 20. fxe5 Bxe3+ 21. Qxe3 Ng4 22. Qa7 Qxe5 23. g3 Qh5 24. Re2 Ne5 25. Rf1 Nf3+ 26. Kh1 Nd4 27. Bd1 Nxe2 28. Bxe2 Qg6 29. Nd5 Qxe4+ 30. Bf3 Qxf3+ 31. Rxf3 Bxd5 32. Qxa6+ Bb7 33. Qe6+ Rd7 34. Kg2 Rf8 35. Kh3 Rxf3 36. a4 Rf6 37. Qg8+ Kc7 38. g4 Rd3+ 39. Kh4 Rh6+ 40. Kg5 Rg6+ 41. Kf4 Rf6+ 42. Kg5 h6+ 43. Kh4 g5+ 0-1

[Event "Senta op-A 14th"]
[Site "Senta"]
[Date "2010.07.22"]
[Round "7"]
[White "Nadj, Zoltan"]
[Black "Csikos, Mihaly"]
[Result "0-1"]
[WhiteElo "2197"]
[BlackElo "2129"]
[PlyCount "78"]
[EventDate "2010.07.17"]
[EventType "swiss"]
[EventRounds "9"]
[EventCountry "YUG"]
[SourceTitle "CBM 137 Extra"]
[Source "ChessBase"]
[SourceDate "2010.09.01"]
[SourceVersion "1"]
[SourceVersionDate "2010.09.01"]
[SourceQuality "1"]

1. d4 d5 2. Nf3 Nf6 3. Bf4 Bf5 4. Nbd2 e6 5. e3 Bd6 6. Bg5 Nbd7 7. c4 c6 8. c5 Be7 9. b4 Ne4 10. Bxe7 Qxe7 11. Nxe4 Bxe4 12. b5 0-0 13. bxc6 bxc6 14. Be2 e5 15. 0-0 Bg6 16. Qa4 Bh5 17. Qxc6 e4 18. Bb5 Rad8 19. Nd2 Nb8 20. Qa8 Na6 21. Qxd8 Rxd8 22. Bxa6 Qc7 23. Nb3 Qc6 24. Rfc1 Qxa6 25. c6 Rc8 26. Rc5 f6 27. Na5 Bf7 28. Rb1 g6 29. h3 Rc7 30. Rb7 Rc8 31. c7 Be6 32. Rb8 Kf7 33. Nb7 Ke7 34. Nd8 Bd7 35. Rb7 Qxa2 36. Rb8 Qa1+ 37. Kh2 Qa6 38. g3 h5 39. Rb7 Qf1 0-1

[Event "Senta op-A 13th"]
[Site "Senta"]
[Date "2009.07.24"]
[Round "8"]
[White "Nadj, Zoltan"]
[Black "Guzsvany, Arpad"]
[Result "0-1"]
[WhiteElo "2209"]
[BlackElo "2104"]
[PlyCount "78"]
[EventDate "2009.07.18"]
[EventType "swiss"]
[EventRounds "9"]
[EventCountry "YUG"]
[SourceTitle "CBM 131 Extra"]
[Source "ChessBase"]
[SourceDate "2009.09.03"]
[SourceVersion "2"]
[SourceVersionDate "2009.09.16"]
[SourceQuality "1"]

1. d4 d5 2. Nf3 Nf6 3. c4 c6 4. Nc3 a6 5. e3 b5 6. b3 Bg4 7. Be2 Nbd7 8. 0-0 e6 9. Bb2 Bd6 10. Rc1 Bxf3 11. Bxf3 bxc4 12. bxc4 Bxh2+ 13. Kxh2 Qb8+ 14. g3 Qxb2 15. Qa4 0-0 16. Rc2 Qb6 17. Rb1 Qa7 18. Qxc6 Rfc8 19. cxd5 Rxc6 20. dxc6 Rb8 21. Rb7 Rxb7 22. cxb7 g5 23. Na4 Nd5 24. Rc8+ Kg7 25. Bxd5 exd5 26. Nc5 Qb6 27. Ra8 a5 28. a4 h5 29. Rd8 Qxd8 30. Nxd7 Qxd7 31. b8Q Qf5 32. Kg2 h4 33. gxh4 gxh4 34. Qe5+ Qxe5 35. dxe5 Kg6 36. Kh3 Kg5 37. f3 Kf5 38. Kxh4 Kxe5 39. Kg5 f5 0-1